Edmonton International Airport Destinations (Edmonton, Canada) - Statistics

General Stats
  • This quiz has been taken 122 times
    20 since last reset
  • The average score is 32 of 52
Answer Stats
Airline Destination % Correct
Air Canada Express/Air North/WestJet/WestJet Encore Calgary
100%
United Airlines Denver
100%
Air Canada Express/WestJet San Francisco
100%
Alaska Airlines/WestJet Encore Seattle/Tacoma
100%
Air Canada/Flair Airlines/Porter Airlines/WestJet Toronto (Pearson)
100%
WestJet Los Angeles
94%
Air Canada/Porter Airlines/WestJet Montréal (Trudeau)
94%
WestJet Phoenix (Sky Harbor)
94%
Air Canada/Air Canada Express/Air Canada Rouge/Flair Airlines/WestJet Vancouver
94%
United Airlines/WestJet Chicago (O'Hare)
89%
United Airlines Houston (Intercontinental)
89%
WestJet Minneapolis/St. Paul
89%
Porter Airlines/WestJet Ottawa
89%
KLM Amsterdam
83%
Air Canada/WestJet Cancún
83%
WestJet Atlanta
78%
WestJet Orlando
78%
Flair Airlines/WestJet Winnipeg
78%
WestJet Halifax
72%
WestJet Las Vegas
72%
WestJet Encore Regina
72%
WestJet Salt Lake City
72%
WestJet Encore Saskatoon
72%
Air Canada Express/Air Tindi/Canadian North/WestJet/WestJet Encore Yellowknife
72%
WestJet St. John's
67%
Flair Airlines/WestJet Victoria
67%
Porter Airlines Hamilton (ON)
61%
WestJet Honolulu
61%
Air North Whitehorse
61%
Flair Airlines/WestJet Abbotsford
56%
Flair Airlines/WestJet Puerto Vallarta
56%
WestJet San José del Cabo
56%
Flair Airlines/WestJet/WestJet Encore Kelowna
50%
WestJet Moncton
50%
WestJet Encore Fort McMurray
44%
WestJet Kahului
44%
Flair Airlines Kitchener/Waterloo
44%
WestJet Montego Bay
44%
WestJet Encore Kamloops
33%
WestJet Nanaimo
33%
WestJet Palm Springs
33%
Central Mountain Air/WestJet Encore Prince George
33%
WestJet Reykjavík
33%
WestJet/WestJet Encore Comox
28%
WestJet Encore Grande Prairie
28%
WestJet Huatulco
28%
WestJet Mazatlán
28%
WestJet Charlottetown
22%
Air Tindi Fort Chipewyan
11%
Air Tindi Fort Smith
11%
Air Tindi Hay River
11%
Central Mountain Air High Level
6%
No matching quizzes found
Score Distribution
Percent of People with Each Score
Percentile by Number Answered
Your Score History
You have not taken this quiz since the last reset